000 00487nam a2200181Ia 4500
008 240925s9999 xx 000 0 und d
020 _a9783659769863
082 _a005.1 UNH
100 _aUnhelkar, Bhuvan
245 0 _aSoftware engineering with UML
250 _aNA
260 _aNew York:
_bCRC Press
_c,2018.
300 _a544p.
_b0
_fOriginal
500 _aIncludes Index
600 _aComputer Science
650 _aComputer science, information & general works
942 _cBK
999 _c17988
_d17988